Welcome to CU Library Online Public Access Catalogue (OPAC)

Nurse prescribing : (Record no. 21)

MARC details
000 -LEADER
fixed length control field 00852cam a2200229 a 4500
001 - CONTROL NUMBER
control field 3103845
005 - DATE AND TIME OF LATEST TRANSACTION
control field 20240826134013.0
008 - FIXED-LENGTH DATA ELEMENTS--GENERAL INFORMATION
fixed length control field 990504s1999 stka b 001 0 eng c
020 ## - INTERNATIONAL STANDARD BOOK NUMBER
International Standard Book Number 0702023140
050 00 - LIBRARY OF CONGRESS CALL NUMBER
Classification number RT42
Item number .N82 1999
082 00 - DEWEY DECIMAL CLASSIFICATION NUMBER
Classification number 610.73
Edition information 21
245 00 - TITLE STATEMENT
Title Nurse prescribing :
Remainder of title politics to practice /
Statement of responsibility, etc. edited by Jennifer L. Humphries and Joyce Green ; foreword by Baroness Cumberlege
260 ## - PUBLICATION, DISTRIBUTION, ETC.
Place of publication, distribution, etc. Edinburgh ;
-- Philadelphia :
Name of publisher, distributor, etc. Bailliere Tindall,
Date of publication, distribution, etc. 1999.
300 ## - PHYSICAL DESCRIPTION
Extent xii, 340 p. :
Other physical details ill. ;
Dimensions 24 cm.
500 ## - GENERAL NOTE
General note Published in association with the Royal College of Nursing.
650 #0 - SUBJECT ADDED ENTRY--TOPICAL TERM
Topical term or geographic name entry element Nursing.
650 #0 - SUBJECT ADDED ENTRY--TOPICAL TERM
Topical term or geographic name entry element Drugs
General subdivision Prescribing.
650 12 - SUBJECT ADDED ENTRY--TOPICAL TERM
Topical term or geographic name entry element Prescriptions, Drug
Form subdivision Nurses' Instruction.
700 1# - ADDED ENTRY--PERSONAL NAME
Personal name Jennifer L. Humphries; Joyce Green
856 4# - ELECTRONIC LOCATION AND ACCESS
Materials specified Table of Contents
Uniform Resource Identifier <a href="http://lcweb.loc.gov/catdir/toc/99031337.html">http://lcweb.loc.gov/catdir/toc/99031337.html</a>
942 ## - ADDED ENTRY ELEMENTS (KOHA)
Source of classification or shelving scheme Library of Congress Classification
Koha item type Books
Suppress in OPAC No
999 ## -
-- 21
-- 21
Holdings
Withdrawn status Lost status Source of classification or shelving scheme Damaged status Not for loan Collection Home library Current library Shelving location Date acquired Total checkouts Full call number Barcode Date last seen Copy number Price effective from Koha item type
    Library of Congress Classification     Non-fiction Undergraduate Library (Christ Temple) Undergraduate Library (Christ Temple) General stacks 08/26/2024   RT42 NUR ulct00000012 08/26/2024 1 08/26/2024 Books
© 2023-2024 Copyright: Central University Libraries. All Rights Reserved | Created by: Mahone Tech Office